पुराणों की कथाएँ / (Record no. 6003)
[ view plain ]
| 000 -LEADER | |
|---|---|
| fixed length control field | 01255 a2200241 4500 |
| 005 - DATE AND TIME OF LATEST TRANSACTION | |
| control field | 20180208160221.0 |
| 010 ## - LCCN (DPL NO) | |
| LC control number | HIN-80503 B-531850-853 |
| 020 ## - INTERNATIONAL STANDARD BOOK NUMBER | |
| Terms of availability | 300.00 |
| International Standard Book Number | 818899202x |
| 035 ## - SYSTEM CONTROL NUMBER | |
| System control number | HN-52849 B-531850-853 |
| 037 ## - SOURCE OF ACQUISITION | |
| Source of stock number/acquisition | D.B.Act / pub |
| 037 ## - SOURCE OF ACQUISITION | |
| Source of stock number/acquisition | स्टार पब्लिकेशन्स |
| 082 ## - DEWEY DECIMAL CLASSIFICATION NUMBER | |
| Classification number | क |
| 100 ## - MAIN ENTRY--PERSONAL NAME | |
| Personal name | गुप्ता, विनोद |
| 245 ## - TITLE STATEMENT | |
| Title | पुराणों की कथाएँ / |
| Statement of responsibility, etc | विनोद गुप्ता |
| 246 ## - VARYING FORM OF TITLE | |
| Title proper/short title | Puranon ki Kathayen |
| Remainder of title | by Vinod Gupta |
| 260 ## - PUBLICATION, DISTRIBUTION, ETC. (IMPRINT) | |
| Place of publication, distribution, etc | नई दिल्ली |
| Name of publisher, distributor, etc | लक्ष्य बुक्स |
| Date of publication, distribution, etc | 2013 |
| 270 ## - ADDRESS | |
| Address | 315, हरिनगर आश्रम, मथुरा रोड |
| City | नई दिल्ली |
| Postal code | 110014 |
| 300 ## - PHYSICAL DESCRIPTION | |
| Extent | 160 पृ |
| Dimensions | 21 से.मी.(सजिल्द) |
| 650 ## - SUBJECT ADDED ENTRY--TOPICAL TERM | |
| Topical term or geographic name as entry element | हिन्दी कहानियाँ |
| 650 ## - SUBJECT ADDED ENTRY--TOPICAL TERM | |
| Topical term or geographic name as entry element | Hindi Stories |
| 942 ## - ADDED ENTRY ELEMENTS (KOHA) | |
| Institution code [OBSOLETE] | dpl |
| Item type | Hindi Books |
| Call number prefix | क / गुप्तावि |
| Source of classification or shelving scheme | Dewey Decimal Classification |
| Classification part | क |
| Call number suffix | गुप्तावि |
| Withdrawn status | Lost status | Not for loan | Home library | Current library | Date acquired | Cost, normal purchase price | Full call number | Barcode | Copy number | Cost, replacement price | Koha item type | Collection code | Source of acquisition | Public note |
|---|---|---|---|---|---|---|---|---|---|---|---|---|---|---|
| Written-off vide DLB M. No. 383 dt 16.05.19 | Central Library | Central Library | 01/09/2014 | 300.00 | क गुप्तावि | B-531850 | 1 | 300.00 | Hindi Books | Fiction | स्टार पब्लिकेशन्स/129/12.3.14/SP/3349/18.3.14/24.3.14 | |||
| D.B.Act.Division | D.B.Act.Division | 10/09/2008 | 200.00 | क गुप्तावि | HN-52849 | 1 | 200.00 | Hindi Books | ||||||
| R.C.Libraries (BL-IV) | R.C.Libraries (BL-IV) | 01/09/2014 | 300.00 | क गुप्तावि | B-531852 | 1 | 300.00 | Hindi Books | Fiction | स्टार पब्लिकेशन्स/129/12.3.14/SP/3349/18.3.14/24.3.14 | ||||
| Written off | R.C.Libraries (BL-IV) | R.C.Libraries (BL-IV) | 01/09/2014 | 300.00 | क गुप्तावि | B-531853 | 1 | 300.00 | Hindi Books | Fiction | स्टार पब्लिकेशन्स/129/12.3.14/SP/3349/18.3.14/24.3.14 | Written off vide C-30021/05/2022/Estt./110 Dt.07.11.22 | ||
| RC4 Seelam Pur | RC4 Seelam Pur | 01/09/2014 | 300.00 | क गुप्तावि | B-531851 | 1 | 300.00 | Hindi Books | Fiction | स्टार पब्लिकेशन्स/129/12.3.14/SP/3349/18.3.14/24.3.14 |
